00591nam a2200205 a 4500001001300000003000900013005001700022008004100039020002400080082001300104100002100117245007300138260003200211300000900243500003500252505002400287650002700311650002600338700002100364nice12345678IN_TiNIC20260116014833.0070416s2005 lona grp 000 0 eng  a1850437602 c100000a953bFAR aFaroqhi, Suraiya aSubjects of the SultanbCulture and Daily Life in the Ottoman Empire aLondon bTauris Pub. c2005 a358p aincludes index and biblioraphy2 aBibliography, Index aOttoman Empire-History aOttoman Empire-Turkey1 aFaroqhi, Suraiya